| 000 | 01729nam0a22003971 4500 | ||
|---|---|---|---|
| 001 | RU\NLR\A1\23239 | ||
| 005 | 20251203152403.2 | ||
| 035 | _a(NLR Aleph) 009677700 | ||
| 090 |
_a9689778 _c9689778 |
||
| 100 | _a19990602d1785 u y0rusy50 ca | ||
| 101 | 1 | _arus | |
| 102 | _aRU | ||
| 200 | 1 |
_aСобрание разных нравоучительных повествований и басен _fПеревод с немецкаго [П.С.Батурина] |
|
| 205 | _a2-е изд. | ||
| 210 |
_aМ. _cТип. Пономарева _d1788 |
||
| 215 |
_a[2], 126 с. _d8° |
||
| 304 | _aВ конце посвящ. инициалы: П.Б. | ||
| 305 | _aПрозаич. соч. и басни из сб.: Skizzen | ||
| 305 | _aБасни "Бобр и сурок", "Голубь и голубка" и "Олень", возможно, написаны переводчиком | ||
| 321 | 1 | _aСК XVIII 6639 | |
| 321 | 1 | _aСК XVIII. Доп. С.121 | |
| 327 | 0 |
_aВодомет _aВодопад _aЗевкис _aАнекдоты Нусирвана _aПисьмо одного проповедника к своему приятелю _aБасни |
|
| 620 | _dМосква | ||
| 700 | 1 |
_6z01700 _aМейснер _bА.Г. _f1753-1807 _gАвгуст Готлиб _4070 |
|
| 700 | 1 |
_6z01700 _aMeiΒner _bA.G. _gAugust Gottlieb _7ba |
|
| 702 | 1 |
_aБатурин _bП.С. _f1740 или 1741-1803 _gПафнутий Сергеевич _4730 |
|
| 702 | 0 |
_aП.С. _4290 |
|
| 702 | 1 |
_aПономарев _4610 |
|
| 712 | 0 | 0 |
_aПономаревы _hТипография _cМосква _4610 |
| 801 | 0 |
_aRU _bNLR _c19990602 |
|
| 852 |
_aNLR _j18.230.4.8 |
||
| 899 | _aБАН | ||
| 942 | _cBOOK | ||
| 980 | _aNB | ||
| 980 | _aA1XVIIIv | ||